000 01252nam a2200253 a 4500
001 BRCA_99
005 20190320202859.0
008 900531s1988 mx-a---##b---s000-0#spa-#
040 _aDLC
_cDLC
050 4 _aNA5257.P8
_b.A46 1988
100 1 _aCalderón, Juan Alonso
_9386
245 1 0 _aMemorial histórico jurídico político de la Santa Iglesia Catedral de la Puebla de los Angeles, en la Nueva España
_bsobre restituirla las armas reales de Castilla, León, Aragón y Navarra, que puso en la capilla mayor de su iglesia, de que ha sido despojada injustamente
_cJuan Alonso Calderón ; edición y estudio preliminar de Efraín Castro Morales.
260 _aPuebla
_bGobierno del Estado de Puebla, Secretaría de Cultura
_c1988
300 _alxi, 89 p.
_bil.
_c32 cm.
500 _aTítulo del lomo: Memorial histórico jurídico político
500 _aLas páginas alternas se enumeraron en el segundo grupo.
500 _aFacsímil de: 1651
504 _aIncluye referencias bibliográficas
610 2 4 _aCatedral de Puebla
_xRetablo de los Reyes - Expropiación
_9387
651 4 _aPuebla (México)
_xHistoria de la Iglesia
_9388
700 1 _aCastro Morales, Efraín
_9389
740 0 _aMemorial histórico jurídico político
942 _2lcc
_cB
999 _c85
_d85